Normal view
MARC view
Entry Topical Term
001 - CONTROL NUMBER
- control field: 49439
003 - CONTROL NUMBER IDENTIFIER
- control field: OSt
005 - DATE AND TIME OF LATEST TRANSACTION
- control field: 20260608105725.0
008 - FIXED-LENGTH DATA ELEMENTS
- fixed length control field: 260608|| aca||aabn | a|a d
040 ## - CATALOGING SOURCE
- Original cataloging agency: OSt
- Transcribing agency: OSt
150 ## - HEADING--TOPICAL TERM
- Topical term or geographic name entry element: Ideal boltzmann gas
670 ## - SOURCE DATA FOUND
- Source citation: Work cat.: (OSt)36192: Burmistrov, Serguei N 49429, Satistical and condensed matter physics, 2025